| 000 | 01025nam a2200241 i 4500 | ||
|---|---|---|---|
| 001 | 32883 | ||
| 003 | ES-MaACL | ||
| 005 | 20250822151110.0 | ||
| 007 | t| | ||
| 008 | 030131s1951 sp |||| | spa d | ||
| 080 | _a330.15:556(042) | ||
| 080 | _a556:330.15(042) | ||
| 100 | 1 |
_aBenjumea Burin, Rafael _cConde de Guadalhorce. _927710 |
|
| 245 | 1 | 0 |
_aProceso evolutivo del aprovechamiento de la riqueza hidráulica de España _b: discurso leído en el acto de su recepción el día 20 / _cpor Rafael Benjumea Burin y contestación de Eduardo Aunós Pérez. |
| 260 |
_aMadrid : _bReal Academia de Ciencias Morales y Políticas, _c1951. |
||
| 300 |
_a46 p. ; _c32 cm. |
||
| 594 | _aPrecede al tít.: Real Academia de Ciencias Morales y Políticas. | ||
| 650 | 4 |
_aRecursos hidráulicos- _zEspaña. _9161400 |
|
| 700 | 1 |
_aAunós Pérez, Eduardo, _d1894-1967 _923920 |
|
| 710 | 2 |
_aReal Academia de Ciencias Morales y Políticas (España) _9222050 |
|
| 852 |
_aES-MaACL _j2289-F-17 _xOlim F-M-III-D |
||
| 999 |
_c32883 _d32883 |
||